00280nam a2200109Ia 4500008004100000041000800041082002600049100001800075245003000093260003800123300000900161230411s9999 xx 000 0 und d aeng aAD/363.728/CHA/B02513 aChandorkar AG aHospital Waste Management bParas PublishingaHyderabadc2003 a152p